|
|
|
|
| LEADER |
01134nam a2200373 4500 |
| 001 |
DLU080062867 |
| 005 |
##20080807 |
| 008 |
##031024s2005 maua b 001 0 eng |
| 010 |
# |
# |
|a 2003061502
|
| 020 |
# |
# |
|a 007111212X (international ed. : alk. paper)
|
| 020 |
# |
# |
|a 0072819359 (alk. paper)
|
| 040 |
# |
# |
|a DLC
|c DLC
|d DLC
|
| 042 |
# |
# |
|a pcc
|
| 050 |
# |
# |
|a HB171.5
|b .M47 2005
|
| 082 |
# |
# |
|a 330
|b MC-C
|
| 100 |
# |
# |
|a McConnell, Campbell R.
|
| 245 |
# |
# |
|a Economics :
|b principles, problems, and policies /
|c Campbell R. McConnell, Stanley L. Brue.
|
| 250 |
# |
# |
|a 16th ed.
|
| 260 |
# |
# |
|a Boston :
|b McGraw-Hill/Irwin,
|c c2005.
|
| 300 |
# |
# |
|a xxx, 733, G-G26, I1-24 p. :
|b col. ill. ;
|c 27 cm.
|
| 500 |
# |
# |
|a Various multi-media supplements are available to supplement the text.
|
| 504 |
# |
# |
|a Includes bibliographical references and index.
|
| 650 |
# |
# |
|a Economics.
|
| 700 |
# |
# |
|a Brue, Stanley L.,
|d 1945-
|
| 923 |
# |
# |
|a 10/2008
|
| 992 |
# |
# |
|a 41000
|
| 994 |
# |
# |
|a DLU
|
| 900 |
# |
# |
|a True
|
| 911 |
# |
# |
|a Đào Thị Thu Huyền
|
| 925 |
# |
# |
|a G
|
| 926 |
# |
# |
|a A
|
| 927 |
# |
# |
|a SH
|
| 980 |
# |
# |
|a Thư viện Trường Đại học Đà Lạt
|